Регионална библиотека "Любен Каравелов" - Русе

Зеленчуците като храна и лечебно средство (Запис номер 138974)

MARC детайли
000 -Лидер
Контролно поле с фиксирана дължина nam a22 a 4500
003 - Код на организацията, давaща контролен номер
Контролно поле BLK
005 - Дата и час на последна редакция
Контролно поле 20220314163900.0
008 - Елементи от данни с фиксирана дължина
fixed length control field 180409b bul|||||r ||||||| ||bul||
010 ## - Наследен системен номер
LC control number KNG00144974000
040 ## - Източник на каталожния запис
Идентификатор на билиотеката - собственик на записа BLK
041 ## - Код за език
Код за езика на текст/звукозапис или на отделно заглавие Български
Код за езика КДБФ Български
080 ## - УДК
Текстов определител УДК Лекарствени средства според основното им действие
УДК код - определител по УДК 615.2
УДК - код + определител 615.2
080 ## - УДК
Текстов определител УДК Лекарствени средства, групирани според произхода им
УДК код - определител по УДК 615.3
УДК - код + определител 615.3
100 1# - Редна дума - Автор
Автор Боров, Иван Бонев
Авторска отговорност първи автор
R(LIN) 253128
139 ## - Редно поле
Редна дума Боров, Иван Бонев и др.
Авторски знак Боро - Б 67
245 10 - Сведения за заглавието
Заглавие Зеленчуците като храна и лечебно средство
Редно поле (дума) Иван Бонев Боров; съавт. Никола Колев; съавт. Антон Помаков.
257 ## - Страна на издаване
Страна на създаване/издаване България
260 ## - Област на издателските данни
Място на издаване, разпространение и проч. София
Име на издателя, разпространителя и проч. Медицина и физкултура
Година на издаване 1963
300 ## - Физическа характеристика
Страници 91 с.
Размери/Мащаб 20 см
380 ## - Жанр
Жанр Медицина
650 #4 - Допълнително описание по предмет – тема
Основно описание – тема или топоним Зеленчуците като храна
9 (RLIN) 155994
653 ## - Ключова дума – ненормативна
Ключова дума зеленчуци
700 1# - Други автори (авторска отговорност)
Лично име Колев, Никола
Автороска отговорност (Описва отношението между автора и произведението) съавт.
9 (RLIN) 366208
700 1# - Други автори (авторска отговорност)
Лично име Помаков, Антон
Автороска отговорност (Описва отношението между автора и произведението) съавт.
9 (RLIN) 326560
852 ## - Местоположение
Форматна сигнатура Цб 26805
Фондова буква Хранилище
856 4# - Електронен адрес и достъп
Електронен формат pdf - файл
856 4# - Електронен адрес и достъп
Електронен формат pdf - файл
999 ## - СИСТЕМНИ КОНТРОЛНИ НОМЕРА
Koha biblionumber 138974
Koha biblioitemnumber 138974
942 ## - АРТИКУЛИ
Вид на библиотечния материал Книги
Скрит в OPAC Не
Периодичен библиозапис Да
944 ## - СЪЗДАВАНЕ И РЕДАКЦИЯ на ЗАПИСА
Създаване/Редакция Създаване
Дата на регистрацията/редакция 05.07.2013
Статус, дата на статуса 05.07.2013 - от С1,Р / 05.07.2013
Служител, извършил регистрацията/редакцията Наталия_Любомирова
944 ## - СЪЗДАВАНЕ И РЕДАКЦИЯ на ЗАПИСА
Създаване/Редакция Редакция
Дата на регистрацията/редакция 05.07.2013
Статус, дата на статуса 05.07.2013 - от С1,Р / 05.07.2013
999 ## - СИСТЕМНИ КОНТРОЛНИ НОМЕРА
Koha biblioitemnumber 138974
Наличности
Код за отписване Код за изгубен артикул Източник на класификационната схема Код за повреда Коз за рестрикции Код за отдаване Артикулен № Име на библиотеката - собственик Име на библиотеката, в която се намира в момента Статус (Текущо местоположение) Дата на вписване в системата Местоположение - отдел Цена в лева Инвентарен номер Систематично азбучна сигнатура Баркод Номер на екземпляра Цена в евро Служебна бележка Служебен тип на артикула
  Не е изгубен Universal Decimal Classification Не е повреден само за читалня ползва се в читалня 227271 Регионална библиотека "Любен Каравелов" Русе Регионална библиотека "Любен Каравелов" Русе Хранилище 1963-01-01 Хранилище 0.26 9759/63 Цб 26805 900000091325 1 0.13 Дост: Dp Вид: Д N: стар фонд Дата: 01.01.1963 Книги
Изтеглен Не е изгубен Universal Decimal Classification Не е повреден без рестрикции заемане за дома 227272 Регионална библиотека "Любен Каравелов" Русе Регионална библиотека "Любен Каравелов" Русе Заемна - подръчен фонд 1963-01-01 Заемна - подръчен фонд 0.00 9368/63 П 613/Б 67 9368/63 2 0.00 Дост: Pk Вид: Ф N: стар фонд Дата: 01.01.1963 Книги
Изтеглен Не е изгубен Universal Decimal Classification Не е повреден без рестрикции заемане за дома 227273 Регионална библиотека "Любен Каравелов" Русе Регионална библиотека "Любен Каравелов" Русе Заемна - подръчен фонд 1963-01-01 Заемна - подръчен фонд 0.00 9369/63 П 613/Б 67 9369/63 3 0.00 Дост: Pk Вид: Ф N: стар фонд Дата: 01.01.1963 Книги
Изтеглен Не е изгубен Universal Decimal Classification Не е повреден без рестрикции заемане за дома 227274 Регионална библиотека "Любен Каравелов" Русе Регионална библиотека "Любен Каравелов" Русе Заемна - подръчен фонд 1963-01-01 Заемна - подръчен фонд 0.00 9370/63 П 613/Б 67 9370/63 4 0.00 Дост: Pk Вид: Ф N: стар фонд Дата: 01.01.1963 Книги
Vip Innovations Ltd, Rousse, Bulgaria 2025